Normal view MARC view

Entry Corporate Name

Number of records used in: 0

001 - CONTROL NUMBER

  • control field: 348917

003 - CONTROL NUMBER IDENTIFIER

  • control field:

005 - DATE AND TIME OF LATEST TRANSACTION

  • control field: 20210602110147.0

008 - FIXED-LENGTH DATA ELEMENTS

  • fixed length control field: 210602|| aca||aabn | a|a d

040 ## - CATALOGING SOURCE

  • Original cataloging agency:
  • Transcribing agency:

110 ## - HEADING--CORPORATE NAME

  • Corporate name or jurisdiction name as entry element: Institute for International Economics (U.S.)

670 ## - SOURCE DATA FOUND

  • Source citation: Work cat.: (): Theoretical studies in Islamic banking and finance /, 1987
                                                                           
web counter

Copyright ©2020 The National Library of India, Govt. of India ↔ Hosted by NVLI, MOC ↔ Technology and Design by National Library of India, Ministry of Culture, Govt. of India